000 004730000a22001930004500
001 004584
003 MACL
005 20150730123955.0
008 150730b xxu||||| |||| 00| 0 eng d
040 _aMACL
_cMACL
041 _aEnglish
082 _a343.032/BOS
100 _aPreA̜hom Period,
_93391
245 _aThe Coinage Of Assam
_bVol 1
_cPreA̜hom Period
260 _aKolkata
_c2003
_bRhodes,N.G.,
350 _a400
650 _aLaw
_93393
942 _k343
_cBK
_2ddc
999 _c16473
_d16473